000 01358cam a2200361 a 4500
001 EDZ0000062078
003 StDuBDS
005 20161031105142.0
006 m||||||||d||||||||
007 cr |||||||||||
008 120307s2001 cau fo| 001|0|eng|d
020 _a9781452233956 (ebook) :
_cNo price
040 _aStDuBDS
_beng
_cStDuBDS
_epn
049 _aAlfaisal Main Library
050 0 _aK370
_b.S88 2001
082 0 4 _a340.115
_223
100 1 _aSutton, John,
_d1949-
245 1 0 _aLaw/Society
_h[electronic resource] :
_borigins, interactions, and change /
_cJohn R. Sutton.
260 _aThousand Oaks, Calif. ;
_aLondon :
_bSAGE,
_cc2001.
300 _a1 online resource (xvii, 301 p.).
490 1 _aSociology for a new century
520 8 _aThis volume provides a conceptual framework for thinking about the full range of topics within the sociology of law discipline.
521 _aSpecialized.
588 _aDescription based on print version record.
504 _aIncludes bibliographical references and index.
650 0 _aSociological jurisprudence.
655 7 _aElectronic books.
_2local
710 2 _aSage eBooks
776 0 8 _iPrint version :
_z9780761987055
830 0 _aSociology for a new century.
856 4 0 _uhttp://ezproxy.alfaisal.edu/login?url=http://sk.sagepub.com/books/law-society
942 _2lcc
_cEBOOKS
999 _c480452
_d480452